TOP 15 Harry Potter Charaktere - Statistiken

Allgemein
  • Dieses Quiz wurde 291 mal gespielt
    201 seit der letzten Aktualisierung
  • Das Durchschnittsergebnis liegt bei 7 aus 15
Answers on the Grid
Answers color-coded by a green-red scale on the quiz's grid according to % correct below.
Ron Weasley
Hermine Granger
Albus Dumbledore
Rubeus Hagrid
Severus Snape
Voldemort
Sirius Black
Draco Malfoy
Fred Weasley
Remus Lupin
George Weasley
Neville Longbottom
Arthur Weasley
Ginny Weasley
Minerva McGonagall
Molly Weasley
Luna Lovegood
Cedric Diggory
Cornelius Fudge
Lucius Malfoy
Dolores Umbridge
Alastor "Mad-Eye" Moody
Horace Slughorn
Sybill Trelawney
Filius Flitwick
Bellatrix Lestrange
Vernon Dursley
Dudley Dursley
Dobby
Hedwig
Peter Pettigrew*
Kreacher
 
Antwortstatistiken
Antwort % Korrekt
Hermine Granger
67%
Ron Weasley
62%
Draco Malfoy
60%
Voldemort
56%
Severus Snape
54%
Albus Dumbledore
53%
Rubeus Hagrid
53%
Sirius Black
44%
Ginny Weasley
36%
Neville Longbottom
36%
Minerva McGonagall
34%
Fred Weasley
31%
George Weasley
28%
Remus Lupin
25%
Arthur Weasley
13%
Keine übereinstimmenden Quizze gefunden
Verteilung der Resultate
Anzahl Personen mit jedem Resultat
Perzentil nach korrekt beantworteten Fragen
Ihre Resultats-Entwicklung
Sie haben dieses Quiz seit der letzten Aktualisierung nicht gespielt